Modelaje a escala de un elemento de concreto reforzado
Gorde:
| Egile nagusia: | |
|---|---|
| Formatua: | Liburua |
| Argitaratua: |
San José, Costa Rica
1991
|
| Gaiak: | |
| Etiketak: |
Etiketa erantsi
Etiketarik gabe, Izan zaitez lehena erregistro honi etiketa jartzen!
|
MARC
| LEADER | 00000nam a2200000Ia 4500 | ||
|---|---|---|---|
| 003 | 005122 | ||
| 005 | 20221231144329.0 | ||
| 008 | 140114s1991 cr a m 000 ||s d | ||
| 040 | |c cru CEDI | ||
| 090 | |a TFG 2429 | ||
| 100 | |a Sandino Segnini, Carlos |9 12821 | ||
| 245 | |a Modelaje a escala de un elemento de concreto reforzado | ||
| 260 | |c 1991 |a San José, Costa Rica | ||
| 300 | |a xiii, 172 hojas : ilustraciones ; 28 cm. | ||
| 500 | |a Tesis (licenciatura en ingeniería civil)--Universidad de Costa Rica. Facultad de Ingeniería. Escuela de Ingeniería Civil | ||
| 650 | |x HORMIGON ARMADO |9 12822 | ||
| 942 | |c TFG | ||
| 999 | |c 20260 |d 20260 | ||
